000 00951nam a2200229 a 4500
005 20210223124840.0
008 030303s1991 es r 000 0 spa d
020 _a8430604065
035 _aUPN01000122354
049 _aCG
050 4 _aCB203
_bH5.78
245 0 0 _aHistoria de la vida privada /
_cdir. Philippe Ariès ; tr. de Francisco Pérez Gutiérrez.
260 _aMadrid :
_bTaurus,
_cc1991.
300 _a5 v.
440 0 _aTaurus minor
505 8 _aContenido:
_gv.1.
_tDel imperio romano al año mil --
_gv.2.
_tDe la Europa feudal al Renacimiento --
_gv.3.
_tDel Renacimiento a la ilustración --
_gv.4.
_tDe la Revolución Francesa a la Pimera Guerra Mundial --
_gv.5.
_tDe la Primera Guerra Mundial hasta nuestros días
534 _pTraducción de:
_tHistoire de la vie privée
651 4 _aEUROPA -
_xCIVILIZACION
_914811
651 4 _aEUROPA -
_xVIDA SOCIAL Y COSTUMBRES
700 1 _aAriès, Philippe,
_d1914-1984
_edir.
905 _aLibro
999 _c94549
_d94549